000 00496cam a2200181 4500
001 D5149
008 090401t1980 xxu||||| |||| 00| 0 eng d
035 _a(Sirsi) u35896
041 _aeng
050 _a720.28
110 _aGreater London Council
_91146
245 _aDetailing for building construction: a designer`s manual of over 350 standard details
260 _aLondon
_bArchitectural Press
_c1980
300 _a416p. 21 x 29cm
350 _a12.95
942 _n0
948 _c04/03/1997
999 _c90157
_d90157